000 00641nam a2200193Ii 4500
003 JO-AjNU
008 230605s9999||||xx |||||||||||||| ||und||
040 _aJO-AjNU
_bara
_erda
_cJO-AjNU
041 _aara
050 1 4 _aPC21111
100 3 _aالهنداوي,ندى وصفي تأليف,
_eauthor
_99578
245 0 0 _aتعلم اللغة الفرنسية بدون معلم
264 3 1 _aد.م:دار البيت العتيق الاسلامي,د.س
300 _a80ص
336 _atext
_btxt
_2rdacontent
337 _aunmediated
_bn
_2rdamedia
338 _avolume
_bnc
_2rdacarrier
650 4 _aاللغة-اللغة الفرنسية
_99579
999 _aA1372
_c4940
_d4940